Las Pandillas juveniles centroamericanas y las respuestas de mano dura: sus efectos negativos en la reforma policial y el Estado de derecho /
Salvato in:
| Autore principale: | |
|---|---|
| Natura: | testo |
| Tags: |
Aggiungi Tag
Nessun Tag, puoi essere il primo ad aggiungerne!!
|
MARC
| LEADER | 00000 a a2200000 04500 | ||
|---|---|---|---|
| 001 | 13210 | ||
| 003 | |||
| 040 | |||
| 100 | |a Thale, Geoff | ||
| 245 | |a Las Pandillas juveniles centroamericanas y las respuestas de mano dura: sus efectos negativos en la reforma policial y el Estado de derecho / |c Geoff Geoff Thale | ||
| 773 | |g número 16 invierno; páginas 51-61 | ||
| 999 | |c 27756 |d 27756 | ||
